Sistemas operativos /

Contenido: I. Vista general: 1. Introducción; 2. Estructuras de los sistemas de cómputo; 3. Estructuras de los sistemas operativos; II. Administración de procesos: 4. Procesos; 5. Hilos (Threads); 6. Planificación de la CPU; 7. Sincronización de procesos; 8. Bloqueos mutuos; III. Administración del...

Celý popis

Uloženo v:
Podrobná bibliografie
Hlavní autor: Silberschatz, Abraham (autor)
Další autoři: Galvin, Peter Baer (autor) (autor), Gagne, Greg (autor) (autor)
Médium: Kniha
Jazyk:španělština
Vydáno: México : Limusa-Wiley, 2008, c2008
Témata:
Tagy: Přidat tag
Žádné tagy, Buďte první, kdo vytvoří štítek k tomuto záznamu!

MARC

LEADER 00000nam^a2200000^a^4500
001 000316497
005 20250521000000.0
009 20260310113315.157
020 |a 978-968-18-6168-1 
037 |a Acervo ITESO - Biblioteca 
041 |a ESP 
082 |a 005. 43  |b SIL 
100 |a Silberschatz, Abraham  |e (autor) 
245 1 0 |a Sistemas operativos /  |c A. Silberschatz, P.B. Galvin, G. Gagne ; tr. por Fernando Pérez Vázquez. 
264 4 |a México :  |b Limusa-Wiley,  |c 2008, c2008 
300 |a XX, 840 p. 
336 |a texto  |b txt  |2 rdacontenido 
337 |a sin mediación  |b n  |2 rdamedio 
338 |a volumen  |b nc  |2 rdasoporte 
500 |a Traducción de: Applied Operating Systems Concepts 
520 |a Contenido: I. Vista general: 1. Introducción; 2. Estructuras de los sistemas de cómputo; 3. Estructuras de los sistemas operativos; II. Administración de procesos: 4. Procesos; 5. Hilos (Threads); 6. Planificación de la CPU; 7. Sincronización de procesos; 8. Bloqueos mutuos; III. Administración del almacenamiento: 9. Administración de la memoria; 10. Memoria virtual; 11. Sistemas de archivos; 12. Sistemas de E/S; 13. Estructura de almacenamiento masivo; IV. Sistemas distribuidos: 14. Estructuras de datos; 15. Comunicación distribuida; 16. Coordinación distribuida; 17. Sistemas de archivos distribuidos; V. Protección y seguridad: 18. Protección; 19. Seguridad; VI. Estudios de casos: 20. El sistema UNIX; 21. El sistema Linux; 22. Windows NT; Apéndice: Elementos básicos de Java. 
649 |a XX 
650 |a Proceso Electrónico de Datos -  |x Tema Principal 
650 |a Cómputo Distribuido 
650 |a Proceso de Datos 
650 |a Memorias (Ingeniería Computacional) 
650 |a Computadoras -  |x Seguridad 
650 |a Redes de Computadoras 
650 |a Comunicación en Red 
650 |a Sistemas Operativos -  |x Tema Principal 
650 |a Programación (Software) 
650 |a Sistemas Computacionales 
650 |a Ingeniería Computacional 
700 |a Galvin, Peter Baer  |e (autor) 
700 |a Gagne, Greg  |e (autor) 
910 |a Fondo General 
920 |a Impresos - Libros 
930 |a Colección General 
905 |a 101 
901 |a 0500203202  |b IT1  |c ACC  |i C129935  |u 20250521 
902 |a https://opac.biblio.iteso.mx/vufind/Record/000316497